Statistics for American Countries by Government Leaders

Click here to take the quiz!

General Stats

  • This quiz has been taken 14 times
  • The average score is 22 of 35

Answer Stats

LeaderCountry% Correct
Justin TrudeauCanada
100%
Joe BidenUnited States
100%
Jair BolsonaroBrazil
91%
Daniel OrtegaNicaragua
91%
Nicolás MaduroVenezuela
91%
Alberto FernándezArgentina
82%
Luis ArceBolivia
82%
Gabriel BoricChile
82%
Andrés Manuel López ObradorMexico
82%
Pedro CastilloPeru
82%
Mia MottleyBarbados
73%
Luis Lacalle PouUruguay
73%
Gustavo PetroColombia
64%
Mario Abdo BenítezParaguay
64%
Miguel Díaz-CanelCuba
55%
Guillermo LassoEcuador
55%
Nayib BukeleEl Salvador
55%
Alejandro GiammatteiGuatemala
55%
Ariel HenryHaiti
55%
Xiomara CastroHonduras
55%
Andrew HolnessJamaica
55%
Chan SantokhiSuriname
55%
Philip DavisBahamas
45%
Johnny BriceñoBelize
45%
Rodrigo Chaves RoblesCosta Rica
45%
Charles SavarinDominica
45%
Luis AbinaderDominican Republic
45%
Dickon MitchellGrenada
45%
Irfaan AliGuyana
45%
Laurentino CortizoPanama
45%
Timothy HarrisSaint Kitts and Nevis
45%
Ralph GonsalvesSaint Vincent and the Grenadines
45%
Gaston BrowneAntigua and Barbuda
36%
Philip PierreSaint Lucia
36%
Keith RowleyTrinidad and Tobago
36%

Score Distribution

Percentile by Number Answered

Percent of People with Each Score

Your Score History

You have not taken this quiz